Ślaski przeglad statystyczny

Saved in:
Bibliographic Details
Format: Serial
Language:Polish
Published: Wroclaw Wydawnictwo Akademii Ekonomicznej im. Oskara Langego we Wroclawiu 2003
Subjects:
Tags: Add Tag
No Tags, Be the first to tag this record!

MARC

LEADER 00000nas2a2200000$$$4500
001 0052812
005 20070202120914.7
022 |a 1644-6739 
041 0 |a pol 
044 |a PL 
245 1 0 |a Ślaski przeglad statystyczny 
264 1 |a Wroclaw  |b Wydawnictwo Akademii Ekonomicznej im. Oskara Langego we Wroclawiu  |c 2003 
773 0 |w eu_un_cat*0013655 
610 2 0 |a štatistika 
610 2 0 |a štatistika regionálna 
610 2 0 |a Poľsko